Central Library OPAC University of Rajshahi

Famous trials / (Record no. 19951)

MARC details
000 -LEADER
fixed length control field 00703nam a2200241 a 4500
001 - CONTROL NUMBER
control field 19951
003 - CONTROL NUMBER IDENTIFIER
rucl marc code BD-RjUL
005 - DATE AND TIME OF LATEST TRANSACTION
control field 20211209000513.0
008 - FIXED-LENGTH DATA ELEMENTS--GENERAL INFORMATION
fixed length control field 140226t1964 enk 000 0 eng d
020 ## - INTERNATIONAL STANDARD BOOK NUMBER
International Standard Book Number 0140017755
035 ## - SYSTEM CONTROL NUMBER
System control number (BD-RjUL)20012
040 ## - CATALOGING SOURCE
Original cataloging agency DLC
Language of cataloging eng
Transcribing agency DLC
Modifying agency BD-RjUL
041 ## - LANGUAGE CODE
Language code of text/sound track or separate title eng
082 04 - DEWEY DECIMAL CLASSIFICATION NUMBER
Classification number 823
Author mark and year FAM 1964
245 00 - TITLE STATEMENT
Title Famous trials /
Statement of responsibility, etc. edited by James H. Hodge ; [by E.R. Watson ... [et al.]
260 ## - PUBLICATION, DISTRIBUTION, ETC. (IMPRINT)
Place of publication, distribution, etc. London :
Name of publisher, distributor, etc. Penguin Books,
Date of publication, distribution, etc. c1964
300 ## - PHYSICAL DESCRIPTION
Pagination 202, p. ;
Size 19 cm.
650 #0 - SUBJECT ADDED ENTRY--TOPICAL TERM
Topical term or geographic name as entry element Trials (Murder)
Geographic subdivision England
9 (RLIN) 61321
700 1# - ADDED ENTRY--PERSONAL NAME
Personal name Hodge, James H.
Fuller form of name (James Hozier),
Dates associated with a name 1906-
Personal name Watson, E. R.
830 #0 - SERIES ADDED ENTRY--UNIFORM TITLE
Uniform title Penguin crime
942 ## - ADDED ENTRY ELEMENTS (KOHA)
Source of classification or shelving scheme Dewey Decimal Classification
Koha item type Books
Holdings
Lost status Source of classification or shelving scheme Damaged status Not for loan Collection code Permanent Location Current Location Shelving location Date acquired Source of acquisition Cost, normal purchase price Total Checkouts Full call number Date last seen Copy number Koha item type
  Dewey Decimal Classification     Fiction Central Library, University of Rajshahi Central Library, University of Rajshahi   09/07/1968 Zeitlinger 5.60   823 FAM 1964 26/02/2014 C-3 Books
  Dewey Decimal Classification   Not For Loan Fiction Central Library, University of Rajshahi Central Library, University of Rajshahi Reading Room 09/07/1968 Zeitlinger 5.60   823 FAM 1964 31/01/2017 C-1 Books